000 00805 a2200241 4500
005 20260409170616.0
008 260409b |||||||| |||| 00| 0 eng d
020 _a978-93-6547-990-4 (hbk)
037 _cTB
040 _aAL
_cAL
041 _2eng
_aeng
084 _aV:19.P3 R6
_qAL
100 _aDesiraju, Gautam R.
_9875761
245 _aIndia's supply chains in a world at war: trade, power, conflict, and entanglement among empires in the new global order
260 _aNoida, India:
_bOccam,
_c2026.
300 _a521p.
365 _b799.00
_cINR
650 _aIndia-History
650 _aConflict
700 _aBhattacharya, Deekhit
_eAuthor
_91234577
942 _cTB
_2CC
_hV2:19.P3 R6
999 _c1474534
_d1474534